All Flash Villains - Statistics

General Stats
  • This quiz has been taken 39 times
  • The average score is 17 of 62
Answer Stats
Answer % Correct
Reverse Flash
100%
Zoom
100%
Captain Cold
82%
Savitar
79%
Gorilla Grodd
71%
Godspeed
68%
Mirror Master
64%
Heat Wave
61%
Weather Wizard
61%
Thinker
50%
Trickster
50%
Captain Boomerang
46%
Cicada
43%
Golden Glider
43%
Killer Frost
39%
Top
39%
Black Flash
36%
Red
36%
Bloodwork
32%
Turtle
29%
Abra Kadabra
25%
Cobalt Blue
25%
Pied Piper
25%
The Shade
25%
Doctor Alchemy
21%
Girder
21%
Magenta
21%
The Rival
21%
Inertia
18%
Peek-a-Boo
18%
Rainbow Raider
18%
Blacksmith
14%
Blue
14%
Mirror Monarch
14%
Tar Pit
14%
The Folded Man
14%
Brother Grimm
11%
Fallout
11%
Green
11%
Indigo
11%
Murmur
11%
Orange
11%
Papercut
11%
Rag Doll
11%
Spin / Auerbach
11%
The Fiddler
11%
Turbine
11%
Violet
11%
Weather Witch
11%
Yellow
11%
Clive Yorkin
7%
Double Down
7%
Gemini (Belladonna)
7%
Gemini (Santiago)
7%
Kilg%re
7%
Mazdan
7%
Negative Flash (Meena Dhawan)
7%
Paradox
7%
Plunder
7%
Replicant
7%
Samuroid
4%
Thorn
4%
No matching quizzes found
Score Distribution
Percent of People with Each Score
Percentile by Number Answered
Your Score History
You have not taken this quiz